000 00410nam a2200169Ia 4500
001 13062
003 IN-NITTTR
005 20251114233122.0
008 251113s9999||||xx |||||||||||||| ||eng||
040 _beng
040 _cIN-NITTTR
041 _aeng
082 _a005.133P K821P
100 _aKoffman, Elliot B.
245 0 _aPascal :
_b a problem solving approach /
_cKoffman, Elliot B.
942 _2ddc
_cBK
999 _c15698
_d15698